000
00247nam a22001217a 4500
003
SGT
082
_a
823
_b
ALB
100
_a
ALBOM MITEN
245
_a
TUESDAY'S WITH MORRIE
260
_a
U.K
_b
SPHERE PUB
_c
2017
300
_a
201
942
_2
ddc
_c
BK
999
_c
33464
_d
33464